مكتبة جامعة عجلون الوطنية

فهرس بحث المكتبة

Normal view MARC view
  • أبو صوفه ، محمد

Entry Personal Name

Number of records used in: 1

001 - CONTROL NUMBER

  • control field: 7406

003 - CONTROL NUMBER IDENTIFIER

  • control field: JO-AjAnu

005 - DATE AND TIME OF LATEST TRANSACTION

  • control field: 20230606071510.0

008 - FIXED-LENGTH DATA ELEMENTS

  • fixed length control field: 230606|| aca||aabn | a|a d

040 ## - CATALOGING SOURCE

  • Original cataloging agency: JO-AjAnu
  • Transcribing agency: JO-AjAnu

100 ## - HEADING--PERSONAL NAME

  • Personal name: أبو صوفه ، محمد

670 ## - SOURCE DATA FOUND

  • Source citation: Work cat.: (JO-AjAnu)3831: أبو صوفه ، محمد, author, خريطة الحياة النيابية في الأردن 1929-1993